| 000 | 00000nam##2200000za#4500 |
| 001 | 9.643335 |
| 003 | CaOODSP |
| 005 | 20210624224124 |
| 007 | cr ||||||||||| |
| 008 | 150407|1989||||xxc|||||o f|0| 0 fre|d |
| 040 | |aCaOODSP|bfre |
| 043 | |an-cn--- |
| 086 | 1 |aA15-1834/1989F-PDF |
| 110 | 1 |aCanada.|bAgriculture Canada. |bDirection générale de recherche. |
| 245 | 10|aManutention de produits agricoles. Transporteurs à vis et élévateurs à godets / |h[ressource électronique]|cpar Normand Rousseau (rédacteur-éditeur) et L. Heslop (conseiller scientifique chargé de la recherche sur les contrats). |
| 260 | |aOttawa - Ontario : |bAgriculture Canada. |c1989. |
| 300 | |a44p.|bfigures, références, tableaux |
| 500 | |aPublication historique numérisée par Agriculture et Agroalimentaire Canada. -- «Publication antérieurement : Guide canadien de la manutention de produits agricoles. 2.3 Transporteurs à vis et élévateurs à godets.» -- La présente section a été élaborée par la société UMA Engineering Ltd. de Winnipeg (Man.) pour le compte du Comité canadien du génie rural, Comité de coordination des services agricoles du Canada. |
| 590 | |a14-11-Supp|b2014-05-21 |
| 691 | 07|aTechnologie agricole|2gcpds |
| 775 | 08|tHandling agricultural materials. Screw and bucket conveyers / |w(CaOODSP)9.699345 |
| 856 | 40|ahttp://publications.gc.ca|qPDF|s2.5 Mo|uhttps://publications.gc.ca/collections/collection_2014/aac-aafc/agrhist/A15-1834-1989-fra.pdf |
| 986 | |a1834/F |